Organisierte Arbeit Einführung in die Arbeitssoziologie

Gespeichert in:
Bibliographische Detailangaben
1. Verfasser: Mikl-Horke, Gertraude
Format: Buch
Sprache:Deutsch
Veröffentlicht: München Oldenbourg 1989
Ausgabe:3. durchges. Aufl.
Schlagworte:
Tags: Tag hinzufügen
Keine Tags, Fügen Sie das erste Tag hinzu!

MARC

LEADER 00000nam a2200000 4500
001 c019108
005 20221206131525.2
020 |a 3-486-21409-8 
041 0 |a ger 
044 |a DE 
245 1 0 |a Organisierte Arbeit  |b Einführung in die Arbeitssoziologie  |c Gertraude Mikl-Horke 
250 |a 3. durchges. Aufl. 
264 1 |a München  |b Oldenbourg  |c 1989 
300 |a 230 s. 
610 2 0 |a sociológia práce 
610 2 0 |a práca 
610 2 0 |a organizácia práce 
610 2 0 |a spoločnosť industriálna 
610 2 0 |a pracovníci 
610 2 0 |a trh práce 
610 2 0 |a čas pracovný 
610 2 0 |a konflikty 
610 2 0 |a taylorizmus 
610 2 0 |a vzťahy pracovné 
610 2 0 |a vedy spoločenské 
100 1 |a Mikl-Horke, Gertraude